日本艦を覚えよう(軽巡洋艦) - Statistics

General Stats
  • This quiz has been taken 4 times
  • The average score is 12 of 24
Answer Stats
Hint Answer % Correct
天龍型 天龍
100%
龍田
100%
球磨型 球磨
100%
多摩
50%
北上
50%
大井
50%
木曽
50%
長良型 長良
50%
五十鈴
50%
名取
50%
川内型 川内
50%
神通
50%
那珂
50%
夕張型 夕張
50%
阿賀野型 阿賀野
50%
能代
50%
矢矧
50%
酒匂
50%
大淀型 大淀
50%
香取型 香取
50%
鹿島
50%
由良
0%
鬼怒
0%
阿武隈
0%
No matching quizzes found
Score Distribution
Percent of People with Each Score
Percentile by Number Answered
Your Score History
You have not taken this quiz